Представление документа в формате RUSMARC

ПолеНазваниеЗначение
  Тип записи a
  Библиографический уровень m
001 Контрольный номер RU/SLIB/B/208711424
005 Дата корректировки 20241106125643.1
010 Индекс ISBN __
d Цена 246-24; 163-00
101 Язык документа 0_
a Язык текста rus
c Язык оригинала rus
200 Заглавие и сведения об ответственности 0_
a Заглавие Русские художники от А до Я
f Первые сведения об ответственности авт.: Е. М. Алленова и др. ; ред.-сост.: Н. А.Борисовская, Е. С. Гордон
b Общее обозначение материала Текст
210 Выходные данные 1_
a Место издания М.
c Издательство Слово
d Дата издания 1996
215 Физическое описание __
a Объем 216 с.
c Иллюстрации/тип воспроизводства ил.
606 Тематические рубрики __
a Основная рубрика Изобразительное искусство и архитектура
606 Тематические рубрики __
a Основная рубрика Живопись в целом
610 Ключевые слова 0_
a Ключевые слова художники; персоналии; русская живопись
686 Индексы других классификаций __
2 Код системы rubbks
a Классификационный индекс 85.143(2)я6 ; ст85.143(2)я6
702 Вторичная интеллектуальная ответственность _1
a Фамилия Алленова
b Имя Е. М.
4 Код отношения Автор
4 Код отношения 070
4 Код отношения 340
702 Вторичная интеллектуальная ответственность _1
a Фамилия Борисовская
b Имя Н. А.
4 Код отношения Составитель
4 Код отношения 220
702 Вторичная интеллектуальная ответственность _1
a Фамилия Гордон
b Имя Е. С.
4 Код отношения Составитель
4 Код отношения 220
801 Источник записи _0
a Страна RU
b Организация Муниципальное бюджетное учреждение культуры "Централизованная библиотечная система" г. Сургут (Центральная городская библиотека им. А. С. Пушкина)
g Правила каталогизации ОБ/Бутенко
801 Источник записи _1
a Страна RU
b Организация Муниципальное бюджетное учреждение культуры "Централизованная библиотечная система" г. Сургут (Центральная городская библиотека им. А. С. Пушкина)
g Правила каталогизации ОБ/Бутенко
852 Данные о местонахождении __
j Шифр хранения 85.143(2)я6
c Каталожный индекс 85.143(2)я6
i Авторский знак Р 89
p Инвентарный номер 72326; 67119
901 Тип документа __
t Тип документа m
903 Характеристики (МАРС) __
a Дата передачи 19990615
990 Данные о заказе (DOS) 00
j Количество экземпляров (DOS) 5; 1
t N записи в КСУ для И/У (DOS) 199901; 199801